Do semifinále aj Doprastav extraliga volejbalistiek - štvrtý zápas štvrťfinále play-off

Bibliographic Details
Format: Article
Language:Slovak
ISSN:0139-7001
Subjects:

MARC

LEADER 00000nab a2200000 ar4500
001 vtls010076790
003 SK-MaSNL
005 20260303192558.0
008 100318c20100310xo dr|n|||||||000 b|slo
015 |a SNBRB2010/03  |2 snkbucl 
038 |a SNKBUCL 
040 |a SNKBUCL  |b slo  |c SNKBUCL  |e AACR2 
041 0 |a slo 
044 |a xo  |c SK 
080 |a 796.325.093.1  |2 2001 
245 0 0 |a Do semifinále aj Doprastav  |b extraliga volejbalistiek - štvrtý zápas štvrťfinále play-off 
650 0 7 |a volejbal  |2 snkbucl  |9 3294 
650 0 7 |a ženy  |2 snkbucl  |9 4865 
650 0 7 |a extraliga  |2 snkbucl  |9 18992 
650 0 7 |a štvrťfinále play-off  |2 snkbucl  |9 1033439 
650 0 7 |a štvrtý zápas  |2 snkbucl  |9 1034547 
773 0 |t Šport  |g Roč. 64, č. 57 (10.3.2010), s. 38  |x 0139-7001 
852 |a SNK  |b KIS3GCP 
999 |c 2147145  |d 2149075